<?xml version="1.0" encoding="UTF-8"?>
<record
    xmlns:xsi="http://www.w3.org/2001/XMLSchema-instance"
    xsi:schemaLocation="http://www.loc.gov/MARC21/slim http://www.loc.gov/standards/marcxml/schema/MARC21slim.xsd"
    xmlns="http://www.loc.gov/MARC21/slim">

  <leader>00499nam a2200169   4500</leader>
  <controlfield tag="005">20260311095918.0</controlfield>
  <controlfield tag="008">170315b        xxu||||| |||| 00| 0 eng d</controlfield>
  <datafield tag="020" ind1=" " ind2=" ">
    <subfield code="a">9556130470</subfield>
  </datafield>
  <datafield tag="041" ind1=" " ind2=" ">
    <subfield code="g">ENG</subfield>
  </datafield>
  <datafield tag="082" ind1=" " ind2=" ">
    <subfield code="a">930.1</subfield>
    <subfield code="b">INT</subfield>
  </datafield>
  <datafield tag="245" ind1=" " ind2=" ">
    <subfield code="a">Arachaeological Heritage Management</subfield>
  </datafield>
  <datafield tag="260" ind1=" " ind2=" ">
    <subfield code="a"> Colombo:</subfield>
    <subfield code="b">ICOMOS, Central Cultural Fund Publication, </subfield>
    <subfield code="c">1993.</subfield>
  </datafield>
  <datafield tag="300" ind1=" " ind2=" ">
    <subfield code="a">&#xDB4;&#xDD2;&#xDA7;&#xDD4; 143</subfield>
    <subfield code="c">&#xDC3;&#xDD9;.&#xDB8;&#xDD3;. 29</subfield>
  </datafield>
  <datafield tag="650" ind1=" " ind2="0">
    <subfield code="a">Archaeological</subfield>
    <subfield code="9">2881</subfield>
  </datafield>
  <datafield tag="700" ind1=" " ind2=" ">
    <subfield code="a">Prematilleke, P.L</subfield>
    <subfield code="9">3158</subfield>
    <subfield code="e">Edit:</subfield>
  </datafield>
  <datafield tag="942" ind1=" " ind2=" ">
    <subfield code="2">ddc</subfield>
    <subfield code="c">BK</subfield>
  </datafield>
  <datafield tag="999" ind1=" " ind2=" ">
    <subfield code="c">5712</subfield>
    <subfield code="d">5712</subfield>
  </datafield>
  <datafield tag="952" ind1=" " ind2=" ">
    <subfield code="0">0</subfield>
    <subfield code="1">0</subfield>
    <subfield code="2">ddc</subfield>
    <subfield code="4">0</subfield>
    <subfield code="7">0</subfield>
    <subfield code="a">001</subfield>
    <subfield code="b">001</subfield>
    <subfield code="d">2026-03-11</subfield>
    <subfield code="i">09414</subfield>
    <subfield code="l">0</subfield>
    <subfield code="o">930.1 INT</subfield>
    <subfield code="p">09414</subfield>
    <subfield code="r">2026-03-11 09:59:41</subfield>
    <subfield code="t">09414</subfield>
    <subfield code="w">2026-03-11</subfield>
    <subfield code="y">BK</subfield>
  </datafield>
</record>
